| 000 | 01012cad a22002175a 4500 | ||
|---|---|---|---|
| 001 | E150028 | ||
| 008 | 100525e20100401xxk f f000 0 eng d | ||
| 035 | _a(Sirsi) u150028 | ||
| 041 | 0 | _aeng | |
| 110 | 1 |
_aGreat Britain _bHealth and Safety Executive |
|
| 245 | 0 | 0 |
_a1 in 4 construction sites fail safety inspections _h[electronic resource] |
| 260 | _c2010 | ||
| 490 |
_aHSE Press Release _v1 April 2010 |
||
| 520 | _aReports that almost a quarter of construction sites visited by the Health and Safety Executive during March failed safety checks. 2014 sites were visited in total, with 691 enforcement notices being issued at 470 sites, mainly relating to unsafe working at height. Work was ordered to be stopped immediately in 359 cases. | ||
| 590 | _aKA | ||
| 651 | 4 |
_aGreat Britain _y1707- |
|
| 690 |
_aHealth and safety _96244 |
||
| 690 | _aBUILT ENVIRONMENT | ||
| 856 | 4 | 0 |
_uhttps://www.hse.gov.uk/press/2010/hse-constructionresults.htm _zView the item free of charge at www.hse.gov.uk... |
| 942 | _n0 | ||
| 999 |
_c82362 _d82362 |
||